| LEADER | 00655nam a2200169 4500 | ||
|---|---|---|---|
| 082 | |a 807 |b H531T | ||
| 100 | |a Huỳnh Tấn Kim Khánh | ||
| 245 | |a Học tốt ngữ văn 7 |c Huỳnh Tấn Kim Khánh, Nguyễn Thị Bích Thuận, Nguyễn Hiền Hòa |n Tập 1 | ||
| 260 | |a Tp. Hồ Chí Minh |b Thanh niên |c 2003 | ||
| 300 | |a 224tr. |c 21cm. | ||
| 520 | |a . | ||
| 653 | |a Ngữ văn | ||
| 653 | |a Văn học | ||
| 653 | |a Lớp 7 | ||
| 942 | |2 ddc |c SH | ||
| 999 | |c 10047 |d 10047 | ||
| 952 | |0 0 |1 0 |2 ddc |4 0 |6 807_000000000000000_H_531_T |7 0 |8 800 |9 78641 |a qbu |b qbu |c D5 |d 2015-07-16 |g 12800 |l 1 |o 807 H 531 T |p 10044.c1 |r 2021-11-22 |s 2021-11-22 |w 2015-07-16 |y SH |0 0 |6 807_H_531000000000000_T | ||